000 00871nam a2200265Ia 4500
003 OSt
005 20220930091648.0
006 a|||||r|||| 00| 0
007 ta
008 220926b |||||||| |||| 00| 0 eng d
024 _a6697
037 _cTheses
040 _aCRL
_cCRL
_beng
041 _2eng
_aeng
100 _aNegi Lalit Mohan Au.
_9546254
110 _aUniversity of Delhi. Faculty of Medical Sciences. Department of Pharmaceutics
245 0 _aNovel high efficiency transdermal gel of tenoxicam using ultradeformable drug carriers
260 _c2009
300 _a96
_ap.
_ccm.
650 _aPHARMACOLOGY
700 _a Dr. Meenakshi Chauhan Au.
_9546255
700 _aUniversity of Delhi. Faculty of Medical Sciences. Department of Pharmaceutics
942 _cDIS
_2CC
999 _c882423
_d882423